000 00471nam a2200193Ia 4500
008 240510s9999 xx 000 0 und d
020 _a0000471097012
041 _aEng
082 _a005.133
082 _bM11
100 _aMcCRACKEN, Daniel D.
245 0 _aComputing for engineers and scientists with Fortran 77
260 _bNew-York : John Wiley
260 _c1984
300 _a360 p.
650 _aProgramming languages
942 _2ddc
942 _cLBK
999 _c25402
_d25402
945 _a1
_bMadushi Gamage
_c1
_dMadushi Gamage